[Event "Titled Tuesday intern op 29th Aug Early"]
[Site "Chess.com INT"]
[Date "2023.08.29"]
[Round "4"]
[White "Hirneise, Jens"]
[Black "Rivas Garcia, Victor"]
[Result "1/2-1/2"]
[WhiteElo "2277"]
[BlackElo "2101"]
[PlyCount "29"]
[EventDate "2023.08.29"]
[EventType "swiss (blitz)"]
[EventRounds "11"]
[EventCountry "USA"]
[SourceTitle "EXT 2024"]
[Source "ChessBase"]
[SourceDate "2023.10.10"]
[SourceVersion "1"]
[SourceVersionDate "2023.10.10"]
[SourceQuality "1"]

1. Nf3 f5 2. c4 Nf6 3. d4 d6 4. Nc3 g6 5. h4 h6 6. e3 Bg7 7. Bd3 0-0 8. Qc2 Nc6 9. a3 e5 10. d5 e4 11. dxc6 exd3 12. Qxd3 bxc6 13. Bd2 Rb8 14. 0-0-0 Qe7 15. Nd4 1/2-1/2

[Event "Titled Tuesday intern op 29th Aug Early"]
[Site "Chess.com INT"]
[Date "2023.08.29"]
[Round "5"]
[White "Rivas Garcia, Victor"]
[Black "Ahmad, Khagan"]
[Result "0-1"]
[WhiteElo "2101"]
[BlackElo "2340"]
[PlyCount "116"]
[EventDate "2023.08.29"]
[EventType "swiss (blitz)"]
[EventRounds "11"]
[EventCountry "USA"]
[SourceTitle "EXT 2024"]
[Source "ChessBase"]
[SourceDate "2023.10.10"]
[SourceVersion "1"]
[SourceVersionDate "2023.10.10"]
[SourceQuality "1"]

1. e4 c5 2. Nc3 Nc6 3. Bb5 e6 4. Bxc6 bxc6 5. d3 d5 6. f4 Nf6 7. Nf3 c4 8. dxc4 Bb4 9. exd5 cxd5 10. 0-0 Bxc3 11. bxc3 Ba6 12. Ne5 Bxc4 13. Nxc4 dxc4 14. Ba3 Qxd1 15. Raxd1 Nd5 16. Rf3 f6 17. f5 Kf7 18. fxe6+ Kxe6 19. Rg3 g6 20. Rg4 Rhd8 21. Re4+ Kf7 22. Rxc4 Rd7 23. Rcd4 Rad8 24. c4 Nb6 25. Rxd7+ Rxd7 26. Rxd7+ Nxd7 27. Kf2 Ne5 28. c5 Ke6 29. Bb2 Nc4 30. Bc3 f5 31. Bb4 Kd5 32. Kf3 a5 33. Be1 Kxc5 34. Kf4 h6 35. Bf2+ Kd5 36. h4 Nd6 37. g4 g5+ 38. hxg5 hxg5+ 39. Kf3 f4 40. Bb6 a4 41. Bd8 Nf7 42. Bf6 Kc4 43. a3 Kd5 44. c3 Ke6 45. Bd4 Nd6 46. Bc5 Nc4 47. Bb4 Ne5+ 48. Ke4 Nxg4 49. c4 Nf6+ 50. Kf3 Kf5 51. c5 g4+ 52. Kg2 f3+ 53. Kf2 Ne4+ 54. Ke3 f2 55. Ke2 g3 56. c6 g2 57. c7 f1Q+ 58. Ke3 g1Q# 0-1

[Event "Titled Tuesday intern op 29th Aug Early"]
[Site "Chess.com INT"]
[Date "2023.08.29"]
[Round "9"]
[White "Rivas Garcia, Victor"]
[Black "Parfenov, Viktor N"]
[Result "1/2-1/2"]
[WhiteElo "2101"]
[BlackElo "2193"]
[PlyCount "132"]
[EventDate "2023.08.29"]
[EventType "swiss (blitz)"]
[EventRounds "11"]
[EventCountry "USA"]
[SourceTitle "EXT 2024"]
[Source "ChessBase"]
[SourceDate "2023.10.10"]
[SourceVersion "1"]
[SourceVersionDate "2023.10.10"]
[SourceQuality "1"]

1. e4 e5 2. Bc4 Nf6 3. d3 c6 4. Nf3 d5 5. Bb3 a5 6. a3 a4 7. Ba2 Bd6 8. Nc3 Be6 9. exd5 cxd5 10. 0-0 0-0 11. Re1 Nc6 12. Bg5 Ra5 13. Qd2 Re8 14. h3 Bb8 15. Bh4 d4 16. Ne4 Bxa2 17. Bxf6 gxf6 18. Rxa2 Bd6 19. Qh6 Re6 20. Qh5 Bf8 21. Nh4 Ne7 22. Rf1 Bg7 23. Nf5 Nxf5 24. Qxf5 Rc6 25. Rc1 Qc8 26. Qxc8+ Rxc8 27. Nd6 Rc7 28. c4 dxc3 29. Rxc3 Rxc3 30. bxc3 Rd5 31. Nxb7 Rxd3 32. Nc5 Rxc3 33. Nxa4 Rc1+ 34. Kh2 f5 35. Nb6 e4 36. a4 Be5+ 37. g3 f4 38. a5 e3 39. gxf4 Bxf4+ 40. Kg2 Rc6 41. Nd5 Bd6 42. Nxe3 Bc5 43. Nc4 Ba7 44. Ne5 Rc5 45. Nd3 Rc4 46. a6 Kf8 47. Ne5 Rc7 48. Rb2 f6 49. Nd3 Ke7 50. Rb7 Kd6 51. Nb4 Rxb7 52. axb7 Kc7 53. Nd5+ Kxb7 54. Nxf6 Kc6 55. Nxh7 Kd6 56. Kg3 Ke6 57. f4 Kf5 58. Ng5 Bb8 59. Kh4 Bxf4 60. Nh7 Kg6 61. Nf8+ Kf7 62. Nh7 Be5 63. Ng5+ Kg6 64. Kg4 Bf6 65. Nf3 Kf7 66. h4 Bxh4 1/2-1/2

[Event "Titled Tuesday intern op 15th Aug Early"]
[Site "Chess.com INT"]
[Date "2023.08.15"]
[Round "9"]
[White "Rivas Garcia, Victor"]
[Black "Zepeda Berlanga, Jan Enrique"]
[Result "1-0"]
[WhiteElo "2101"]
[BlackElo "1783"]
[PlyCount "69"]
[EventDate "2023.08.15"]
[EventType "swiss (blitz)"]
[EventRounds "11"]
[EventCountry "USA"]
[SourceTitle "EXT 2024"]
[Source "ChessBase"]
[SourceDate "2023.10.10"]
[SourceVersion "1"]
[SourceVersionDate "2023.10.10"]
[SourceQuality "1"]

1. e4 c5 2. Nc3 d6 3. f4 Nc6 4. Nf3 Nf6 5. Bb5 Bd7 6. 0-0 g6 7. Bxc6 Bxc6 8. d3 Bg7 9. Qe1 0-0 10. Qh4 Qd7 11. f5 gxf5 12. exf5 Qxf5 13. h3 Qh5 14. Qe1 e5 15. Qg3 Kh8 16. Ng5 h6 17. Nf3 Rae8 18. Nh4 d5 19. Rf5 Qxf5 20. Nxf5 Rg8 21. Qh4 h5 22. Nxg7 Kxg7 23. Qg5+ Kf8 24. Qxf6 Re6 25. Qf2 d4 26. Ne4 Reg6 27. Bd2 Bd7 28. Kh2 f5 29. Rf1 Ke8 30. Nxc5 Bc6 31. g3 f4 32. Bxf4 exf4 33. Qxf4 h4 34. g4 Kd8 35. Qf7 1-0

[Event "Catalunya-chT Gp2"]
[Site "Barcelona"]
[Date "2023.01.28"]
[Round "2.7"]
[White "Bautista Sanchez, Joan"]
[Black "Rivas Garcia, Victor"]
[Result "1/2-1/2"]
[WhiteElo "2090"]
[BlackElo "2118"]
[PlyCount "62"]
[EventDate "2023.01.21"]
[EventType "team-tourn"]
[EventRounds "7"]
[EventCountry "ESP"]
[SourceTitle "CBM 213 Extra"]
[Source "ChessBase"]
[SourceDate "2023.05.31"]
[SourceVersion "1"]
[SourceVersionDate "2023.05.31"]
[SourceQuality "1"]
[WhiteTeam "Sant Andreu"]
[BlackTeam "Colon Sabadell"]
[WhiteTeamCountry "ESP"]
[BlackTeamCountry "ESP"]

1. Nf3 f5 2. c4 Nf6 3. Nc3 d6 4. g3 g6 5. Bg2 Bg7 6. 0-0 0-0 7. d3 e5 8. Rb1 a5 9. a3 Nc6 10. b4 axb4 11. axb4 h6 12. b5 Ne7 13. Qb3 Be6 14. Ba3 Qd7 15. Bb4 g5 16. Ra1 Ng6 17. Ra4 f4 18. Nd2 Rxa4 19. Qxa4 Bh3 20. b6 Bxg2 21. Qxd7 Nxd7 22. Kxg2 c5 23. Ba5 Ra8 24. Nb3 Ne7 25. Nb5 Nf5 26. Nc7 Rf8 27. Nd5 Nf6 28. Nc7 fxg3 29. hxg3 Nd7 30. Nd5 Nf6 31. Nc7 Nd7 1/2-1/2

[Event "Titled Tuesday intern op 27th Sep Early"]
[Site "Chess.com INT"]
[Date "2022.09.27"]
[Round "5"]
[White "Manukian, Artak"]
[Black "Rivas Garcia, Victor"]
[Result "1-0"]
[WhiteElo "2196"]
[BlackElo "2118"]
[PlyCount "87"]
[EventDate "2022.09.27"]
[EventType "swiss (blitz)"]
[EventRounds "11"]
[EventCountry "USA"]
[SourceTitle "CBM 210 Extra"]
[Source "ChessBase"]
[SourceDate "2022.11.30"]
[SourceVersion "1"]
[SourceVersionDate "2022.11.30"]
[SourceQuality "1"]

1. e4 c5 2. Nf3 Nc6 3. c3 Nf6 4. e5 Nd5 5. d4 cxd4 6. cxd4 e6 7. Nc3 Nxc3 8. bxc3 d6 9. Bd3 dxe5 10. dxe5 Be7 11. 0-0 0-0 12. Qe2 Qc7 13. Qe4 g6 14. Bh6 Rd8 15. Rfd1 b6 16. Qf4 Bb7 17. h4 Rd5 18. Be4 Rxd1+ 19. Rxd1 Rd8 20. Rxd8+ Nxd8 21. Bxb7 Nxb7 22. Bg5 Nc5 23. Bxe7 Qxe7 24. h5 Nd7 25. h6 Nc5 26. Nh2 Qd8 27. Ng4 Nd3 28. Nf6+ Kh8 29. Qd2 b5 30. Kf1 b4 31. Ke2 Nf4+ 32. Qxf4 bxc3 33. Qc1 Qd4 34. Qe3 Qc4+ 35. Qd3 Qxa2+ 36. Ke3 Qd2+ 37. Qxd2 cxd2 38. Kxd2 a5 39. Kc3 g5 40. Kb3 g4 41. Nxg4 Kg8 42. Ka4 Kf8 43. Kxa5 Ke7 44. Nf6 1-0

[Event "Titled Tuesday intern op 27th Sep Early"]
[Site "Chess.com INT"]
[Date "2022.09.27"]
[Round "11"]
[White "Sztokbant, Bernardo Vainzoff"]
[Black "Rivas Garcia, Victor"]
[Result "1-0"]
[WhiteElo "2213"]
[BlackElo "2118"]
[PlyCount "75"]
[EventDate "2022.09.27"]
[EventType "swiss (blitz)"]
[EventRounds "11"]
[EventCountry "USA"]
[SourceTitle "CBM 210 Extra"]
[Source "ChessBase"]
[SourceDate "2022.11.30"]
[SourceVersion "1"]
[SourceVersionDate "2022.11.30"]
[SourceQuality "1"]

1. d4 f5 2. Nc3 Nf6 3. g3 e6 4. Bg2 Bb4 5. Nh3 Bxc3+ 6. bxc3 0-0 7. 0-0 d6 8. f3 e5 9. Nf2 Nc6 10. e4 fxe4 11. fxe4 Bd7 12. Rb1 b6 13. Be3 Kh8 14. Qe2 Qe7 15. Rbe1 Rae8 16. d5 Nb8 17. Bg5 h6 18. Be3 Ba4 19. Bh3 Bd7 20. Bxd7 Nbxd7 21. Kg2 Nc5 22. Bxc5 bxc5 23. Ng4 Rb8 24. Ne3 g6 25. Ng4 Kg7 26. Nxf6 Rxf6 27. Rxf6 Kxf6 28. Rf1+ Kg7 29. Qa6 Rb2 30. Rf2 h5 31. Qxa7 Kh6 32. Qa8 Kg7 33. a4 h4 34. gxh4 g5 35. h5 g4 36. h6+ Kh7 37. a5 Ra2 38. a6 1-0

[Event "Titled Tuesday intern op 20th Sep Late"]
[Site "Chess.com INT"]
[Date "2022.09.20"]
[Round "1"]
[White "Lewtak, Damian"]
[Black "Rivas Garcia, Victor"]
[Result "1-0"]
[WhiteElo "2386"]
[BlackElo "2118"]
[PlyCount "121"]
[EventDate "2022.09.20"]
[EventType "swiss (blitz)"]
[EventRounds "11"]
[EventCountry "USA"]
[SourceTitle "EXT 2023"]
[Source "ChessBase"]
[SourceDate "2022.10.05"]
[SourceVersion "1"]
[SourceVersionDate "2022.10.05"]
[SourceQuality "1"]

1. d4 f5 2. Nf3 Nf6 3. c4 d6 4. g3 g6 5. Bg2 Bg7 6. 0-0 0-0 7. Nc3 Qe8 8. Re1 h6 9. e4 fxe4 10. Nxe4 Nxe4 11. Rxe4 Qf7 12. h3 Bf5 13. Re1 Nc6 14. d5 Nb4 15. g4 Bd7 16. a3 Na6 17. Rb1 Nc5 18. Be3 b6 19. Bd4 Ba4 20. Qd2 Nb3 21. Qe3 Nxd4 22. Nxd4 Bd7 23. Re2 Rae8 24. Ne6 Bxe6 25. dxe6 Qf4 26. Qxf4 Rxf4 27. b3 Ref8 28. Be4 Kh7 29. Kg2 Bd4 30. f3 Kg7 31. b4 g5 32. a4 Be5 33. a5 Bd4 34. axb6 axb6 35. Ra2 Kf6 36. Ra7 Kxe6 37. Rxc7 Rxe4 38. fxe4 Rf2+ 39. Kg3 Re2 40. Rd1 Be5+ 41. Kf3 Rh2 42. Rc6 Rxh3+ 43. Kf2 Rc3 44. Rd5 Rc2+ 45. Kf3 Rc3+ 46. Ke2 Rc2+ 47. Kd3 Rg2 48. c5 bxc5 49. b5 Rb2 50. Rdxc5 h5 51. gxh5 g4 52. h6 g3 53. h7 Rh2 54. Rxe5+ Kxe5 55. b6 g2 56. Rc1 Rh1 57. Rg1 Rxg1 58. h8Q+ Ke6 59. Qh3+ Ke5 60. Qh2+ Ke6 61. Qxg1 1-0

[Event "Titled Tuesday intern op 20th Sep Late"]
[Site "Chess.com INT"]
[Date "2022.09.20"]
[Round "2"]
[White "Mingachev, Mansur"]
[Black "Rivas Garcia, Victor"]
[Result "0-1"]
[WhiteElo "2363"]
[BlackElo "2118"]
[PlyCount "48"]
[EventDate "2022.09.20"]
[EventType "swiss (blitz)"]
[EventRounds "11"]
[EventCountry "USA"]
[SourceTitle "EXT 2023"]
[Source "ChessBase"]
[SourceDate "2022.10.05"]
[SourceVersion "1"]
[SourceVersionDate "2022.10.05"]
[SourceQuality "1"]

1. b4 c6 2. Bb2 a5 3. a3 axb4 4. axb4 Rxa1 5. Bxa1 Qb6 6. Nf3 Qxb4 7. e3 d6 8. Be2 e5 9. 0-0 Nf6 10. d4 e4 11. Nfd2 Be7 12. c4 0-0 13. Nc3 d5 14. Qc2 Qd6 15. Rb1 Nbd7 16. h3 Rd8 17. Qa2 Nf8 18. Bd1 Ng6 19. Bb3 Be6 20. Ne2 Qd7 21. Bc3 Bxh3 22. gxh3 Qxh3 23. Nf1 Nh4 24. Nf4 Nf3# 0-1

[Event "Titled Tuesday intern op 30th Aug Late"]
[Site "Chess.com INT"]
[Date "2022.08.30"]
[Round "1"]
[White "Aggelis, Nikolaos"]
[Black "Rivas Garcia, Victor"]
[Result "1-0"]
[WhiteElo "2287"]
[BlackElo "2118"]
[PlyCount "61"]
[EventDate "2022.08.30"]
[EventType "swiss (blitz)"]
[EventRounds "11"]
[EventCountry "USA"]
[SourceTitle "EXT 2023"]
[Source "ChessBase"]
[SourceDate "2022.10.05"]
[SourceVersion "1"]
[SourceVersionDate "2022.10.05"]
[SourceQuality "1"]

1. d4 f5 2. g3 Nf6 3. Bg2 d6 4. Nf3 g6 5. 0-0 Bg7 6. b4 0-0 7. Bb2 c6 8. c4 Nbd7 9. Qb3 Kh8 10. Nbd2 Qe8 11. c5 d5 12. Qe3 Ne4 13. Nb3 e6 14. Ne5 Nxe5 15. dxe5 Qe7 16. h4 f4 17. gxf4 Qxh4 18. Bc1 Bh6 19. Bxe4 dxe4 20. Qg3 Qe7 21. Be3 Qf7 22. Rfd1 Bd7 23. Rd6 Rad8 24. Rad1 Qe7 25. Nd2 Bc8 26. Nxe4 Rxd6 27. cxd6 Qf7 28. Nf6 Bg7 29. d7 Bxf6 30. dxc8Q Rxc8 31. exf6 1-0

[Event "Titled Tuesday intern op 30th Aug Late"]
[Site "Chess.com INT"]
[Date "2022.08.30"]
[Round "6"]
[White "Perez Cruz, Adianet"]
[Black "Rivas Garcia, Victor"]
[Result "0-1"]
[WhiteElo "1976"]
[BlackElo "2118"]
[PlyCount "102"]
[EventDate "2022.08.30"]
[EventType "swiss (blitz)"]
[EventRounds "11"]
[EventCountry "USA"]
[SourceTitle "EXT 2023"]
[Source "ChessBase"]
[SourceDate "2022.10.05"]
[SourceVersion "1"]
[SourceVersionDate "2022.10.05"]
[SourceQuality "1"]

1. d4 f5 2. Nf3 Nf6 3. c3 d6 4. Bf4 g6 5. h3 Bg7 6. Nbd2 0-0 7. Qc2 e6 8. e4 fxe4 9. Nxe4 Nxe4 10. Qxe4 Nc6 11. Bg5 Qe8 12. Bb5 Bd7 13. 0-0 a6 14. Ba4 Qf7 15. Rfe1 Rae8 16. Rad1 Qf5 17. Bc2 Qxe4 18. Bxe4 Kh8 19. a4 a5 20. c4 b6 21. b3 e5 22. dxe5 Nxe5 23. Nxe5 Rxe5 24. Bh4 Rf4 25. Bg3 Rfxe4 26. Bxe5 Rxe1+ 27. Rxe1 Bxe5 28. h4 Kg7 29. g3 Kf7 30. f4 Bd4+ 31. Kh2 Bf5 32. Re2 Bc5 33. Kg2 Bd3 34. Rd2 Be4+ 35. Kh3 h5 36. g4 hxg4+ 37. Kxg4 Kf6 38. Re2 Bf5+ 39. Kg3 Bd3 40. Rd2 Be4 41. Re2 Kf5 42. h5 gxh5 43. Rh2 Bd3 44. Rxh5+ Ke4 45. Rh7 Bc2 46. Rxc7 Bxb3 47. Re7+ Kf5 48. Rf7+ Kg6 49. Rf8 Bxc4 50. f5+ Kg7 51. Rc8 Bb3 0-1

[Event "ESP-ch 86th"]
[Site "Linares"]
[Date "2021.08.22"]
[Round "7"]
[White "Rivas Garcia, Victor"]
[Black "Rodriguez del Cerro, Ricardo"]
[Result "1/2-1/2"]
[WhiteElo "2201"]
[BlackElo "1998"]
[PlyCount "59"]
[EventDate "2021.08.16"]
[EventType "swiss"]
[EventRounds "9"]
[EventCountry "ESP"]
[SourceTitle "CBM 204 Extra"]
[Source "ChessBase"]
[SourceDate "2021.11.30"]
[SourceVersion "1"]
[SourceVersionDate "2021.11.30"]
[SourceQuality "1"]

1. e4 e6 2. d3 d5 3. Qe2 Nc6 4. Nf3 dxe4 5. dxe4 e5 6. c3 Bg4 7. Nbd2 Qd7 8. Nc4 f6 9. Bd2 0-0-0 10. Ne3 Be6 11. Qb5 Nge7 12. Bc4 Kb8 13. Bxe6 Qxe6 14. Qc4 Qxc4 15. Nxc4 Nc8 16. a4 a6 17. Be3 Nd6 18. Nfd2 a5 19. Ke2 Nxc4 20. Nxc4 Be7 21. Rad1 b6 22. Rd5 Kb7 23. Rhd1 Rhe8 24. f3 Nb8 25. Bf2 Na6 26. Rxd8 Rxd8 27. Rxd8 Bxd8 28. Kd2 Be7 29. b3 Nb8 30. Bg1 1/2-1/2

[Event "ESP-ch 86th"]
[Site "Linares"]
[Date "2021.08.19"]
[Round "4"]
[White "Maranon Canton, Antonio"]
[Black "Rivas Garcia, Victor"]
[Result "1/2-1/2"]
[WhiteElo "1928"]
[BlackElo "2201"]
[PlyCount "58"]
[EventDate "2021.08.16"]
[EventType "swiss"]
[EventRounds "9"]
[EventCountry "ESP"]
[SourceTitle "CBM 204 Extra"]
[Source "ChessBase"]
[SourceDate "2021.11.30"]
[SourceVersion "1"]
[SourceVersionDate "2021.11.30"]
[SourceQuality "1"]

1. d4 f5 2. Nf3 Nf6 3. g3 d6 4. Bg2 g6 5. 0-0 Bg7 6. c4 0-0 7. Nc3 Nc6 8. d5 Na5 9. b3 Ne4 10. Nxe4 Bxa1 11. Bh6 Bg7 12. Bxg7 fxe4 13. Bc3 exf3 14. Bxf3 c5 15. Qd2 b6 16. h4 Qe8 17. Kg2 Qd7 18. Rh1 Kf7 19. Qh6 Ke8 20. h5 Qf5 21. Bg7 Rf7 22. Qxh7 g5 23. Qg8+ Kd7 24. Bg4 Qxg4 25. Qxf7 Qe4+ 26. Kg1 Qb1+ 27. Kg2 Qe4+ 28. Kg1 Qb1+ 29. Kg2 Qe4+ 1/2-1/2

[Event "ESP-ch 86th"]
[Site "Linares"]
[Date "2021.08.17"]
[Round "2"]
[White "Martin Duque, Jesus"]
[Black "Rivas Garcia, Victor"]
[Result "1-0"]
[WhiteElo "2425"]
[BlackElo "2201"]
[PlyCount "91"]
[EventDate "2021.08.16"]
[EventType "swiss"]
[EventRounds "9"]
[EventCountry "ESP"]
[SourceTitle "CBM 204 Extra"]
[Source "ChessBase"]
[SourceDate "2021.11.30"]
[SourceVersion "1"]
[SourceVersionDate "2021.11.30"]
[SourceQuality "1"]

1. Nf3 Nf6 2. b3 g6 3. Bb2 Bg7 4. g3 0-0 5. Bg2 d6 6. d4 Nbd7 7. 0-0 c6 8. Nbd2 a5 9. a4 Re8 10. e4 Qc7 11. Re1 b6 12. Rb1 Nf8 13. e5 dxe5 14. dxe5 Nd5 15. Nd4 Bd7 16. N2f3 Rad8 17. Qe2 c5 18. Nb5 Bxb5 19. axb5 Ne6 20. Bh3 Nd4 21. Nxd4 cxd4 22. Bxd4 Nf4 23. gxf4 Rxd4 24. f5 Qc3 25. Qe3 Qxe3 26. Rxe3 Rd5 27. Rbe1 Red8 28. c4 Rc5 29. f6 exf6 30. e6 Rg5+ 31. Kf1 fxe6 32. Rxe6 f5 33. Rxb6 Bc3 34. Rc1 Bb2 35. Rb1 Rd2 36. Re6 Bd4 37. Re2 Rd3 38. Bg2 f4 39. Be4 Rh3 40. Rd1 Bc5 41. Rd7 Bf8 42. Bd5+ Kh8 43. Re8 Rf5 44. Be6 Rhh5 45. Bxf5 Rxf5 46. b6 1-0

[Event "ESP-chT CECLUB Div1"]
[Site "Linares"]
[Date "2019.09.01"]
[Round "7.3"]
[White "Castellanos Rodriguez, Renier"]
[Black "Rivas Garcia, Victor"]
[Result "1/2-1/2"]
[WhiteElo "2493"]
[BlackElo "2165"]
[PlyCount "68"]
[EventDate "2019.08.26"]
[EventType "team-tourn"]
[EventRounds "7"]
[EventCountry "ESP"]
[SourceTitle "EXT 2020"]
[Source "ChessBase"]
[SourceDate "2019.10.17"]
[SourceVersion "1"]
[SourceVersionDate "2019.10.17"]
[SourceQuality "1"]
[WhiteTeam "Silla Bosch Serinsys"]
[BlackTeam "Barbera"]
[WhiteTeamCountry "ESP"]
[BlackTeamCountry "ESP"]

1. e4 c5 2. Nf3 e6 3. g3 Nc6 4. Bg2 Nf6 5. Qe2 Be7 6. 0-0 d5 7. d3 b5 8. a4 b4 9. Re1 0-0 10. e5 Nd7 11. Bf4 a5 12. h4 Ba6 13. Qd1 Nb6 14. Nbd2 c4 15. d4 c3 16. bxc3 bxc3 17. Nb3 Nc4 18. Ng5 h6 19. Nh3 Qe8 20. Bc1 Nb4 21. Nf4 Kh7 22. Qf3 Rc8 23. Bf1 Nd2 24. Nxd2 cxd2 25. Bxd2 Bxf1 26. Bxb4 Bxb4 27. Rxf1 Rc4 28. Ne2 Qc6 29. Ra2 Kg8 30. Qb3 Rc8 31. Rc1 Bd2 32. Rd1 Bb4 33. Rc1 Bd2 34. Rd1 Bb4 1/2-1/2

[Event "ESP-chT CECLUB Div1"]
[Site "Linares"]
[Date "2019.08.31"]
[Round "6.3"]
[White "Rivas Garcia, Victor"]
[Black "Cori Tello, Deysi Estella"]
[Result "0-1"]
[WhiteElo "2165"]
[BlackElo "2400"]
[PlyCount "94"]
[EventDate "2019.08.26"]
[EventType "team-tourn"]
[EventRounds "7"]
[EventCountry "ESP"]
[SourceTitle "EXT 2020"]
[Source "ChessBase"]
[SourceDate "2019.10.17"]
[SourceVersion "1"]
[SourceVersionDate "2019.10.17"]
[SourceQuality "1"]
[WhiteTeam "Barbera"]
[BlackTeam "Oromana Schneider Electric"]
[WhiteTeamCountry "ESP"]
[BlackTeamCountry "ESP"]

1. e4 e6 2. d4 d5 3. Nc3 Be7 4. Nf3 Nf6 5. Bd3 a6 6. e5 Nfd7 7. Ne2 c5 8. c3 Nc6 9. 0-0 b5 10. Be3 Bb7 11. Nf4 c4 12. Bc2 g6 13. Nd2 Qb6 14. b3 cxb3 15. axb3 Rc8 16. Ne2 Qd8 17. Bd3 Nb6 18. b4 Nc4 19. Nxc4 dxc4 20. Be4 Qc7 21. Ng3 Bh4 22. Qf3 Be7 23. Bh6 Rg8 24. Rfe1 a5 25. bxa5 b4 26. a6 Ba8 27. Qe2 bxc3 28. Qxc4 Qd7 29. Qa4 g5 30. Rab1 Nxe5 31. Qc2 Nc6 32. Qxc3 f5 33. Bf3 g4 34. Bxc6 Bxc6 35. Qb3 Bd5 36. Qb5 Bc6 37. Qe5 Kf7 38. Nh5 Qd5 39. Qxd5 Bxd5 40. Nf4 Be4 41. Rb6 Rb8 42. Rxe6 Rgc8 43. f3 gxf3 44. gxf3 Bh4 45. Re3 Rg8+ 46. Kf1 Rb2 47. Nh3 Rb1+ 0-1

[Event "Catalunya-chT Gp2"]
[Site "Barcelona"]
[Date "2019.02.09"]
[Round "4.10"]
[White "Rivas Garcia, Victor"]
[Black "Molano Lafuente, Ismael"]
[Result "1/2-1/2"]
[WhiteElo "2183"]
[BlackElo "1935"]
[PlyCount "112"]
[EventDate "2019.01.19"]
[EventType "team-tourn"]
[EventRounds "7"]
[EventCountry "ESP"]
[SourceTitle "CBM 188 Extra"]
[Source "ChessBase"]
[SourceDate "2019.02.28"]
[SourceVersion "1"]
[SourceVersionDate "2019.02.28"]
[SourceQuality "1"]
[WhiteTeam "Barbera"]
[BlackTeam "Barbera"]
[WhiteTeamCountry "ESP"]
[BlackTeamCountry "ESP"]

1. e4 d6 2. d4 Nf6 3. Nc3 e5 4. Nf3 Nc6 5. Bb5 Bd7 6. 0-0 Be7 7. Re1 Nxd4 8. Nxd4 exd4 9. Bxd7+ Nxd7 10. Qxd4 0-0 11. Bf4 Nc5 12. Bg3 Bf6 13. Qd2 Re8 14. f3 Be5 15. Bf2 Bxc3 16. Qxc3 Ne6 17. Rad1 Qe7 18. Qb3 b6 19. Qb5 a5 20. a4 Rad8 21. b3 Qd7 22. Qc4 Qe7 23. Bg3 f6 24. Rd5 Qf7 25. Red1 Kf8 26. Qd3 Kg8 27. c3 Ra8 28. Qc2 Nc5 29. Ra1 Qe6 30. b4 Nb7 31. Bf2 Rad8 32. Rad1 Ra8 33. R5d2 Nd8 34. Rd5 Nb7 35. h3 Qd7 36. Ra1 Rad8 37. Qb3 Kf8 38. Rh5 h6 39. Rd5 Qf7 40. Qc2 Re5 41. Rad1 Qe8 42. Bd4 Rxd5 43. exd5 Rd7 44. Kf1 Re7 45. b5 Nd8 46. Qd2 Nf7 47. Re1 Rxe1+ 48. Qxe1 Qxe1+ 49. Kxe1 Ne5 50. Kd2 Kf7 51. Kc2 Nd7 52. f4 g6 53. Kd3 f5 54. Ke3 Nc5 55. Bxc5 dxc5 56. c4 Kf6 1/2-1/2

[Event "Martorell op 36th"]
[Site "Martorell"]
[Date "2018.09.22"]
[Round "2"]
[White "Oladiran Sharaibi, Olufemi"]
[Black "Rivas Garcia, Victor"]
[Result "1/2-1/2"]
[WhiteElo "2009"]
[BlackElo "2182"]
[PlyCount "95"]
[EventDate "2018.09.15"]
[EventType "swiss"]
[EventRounds "9"]
[EventCountry "ESP"]
[SourceTitle "CBM 189 Extra"]
[Source "ChessBase"]
[SourceDate "2019.05.31"]
[SourceVersion "1"]
[SourceVersionDate "2019.05.31"]
[SourceQuality "1"]

1. Nf3 f5 2. d4 Nf6 3. c4 d6 4. g3 g6 5. Bg2 Bg7 6. 0-0 0-0 7. Nc3 Nc6 8. d5 Na5 9. Qd3 e5 10. dxe6 Bxe6 11. b3 Nc6 12. Ba3 h6 13. Rad1 a5 14. h3 Qe8 15. Nd5 Qf7 16. Nh4 Nh5 17. Qd2 g5 18. Nf3 Nf6 19. Bb2 Ne4 20. Qc1 Nb4 21. Bxg7 Qxg7 22. Nd4 Bxd5 23. cxd5 Nxa2 24. Qc4 b5 25. Nxb5 Nac3 26. Nxc3 Qxc3 27. Qa4 Nd2 28. Rfe1 Qxb3 29. Qd7 Qb4 30. Qe6+ Kg7 31. Rc1 Rf7 32. Red1 a4 33. Qe3 Nb3 34. Rc3 f4 35. Qd3 fxg3 36. Qxg3 Nd4 37. Bf1 Nf3+ 38. Rxf3 Rxf3 39. Qxf3 a3 40. Qf5 a2 41. Qd7+ Kh8 42. Qe6 Kg7 43. Qe7+ Kg8 44. Qe6+ Kg7 45. Rc1 Ra7 46. Qe7+ Kg8 47. Qd8+ Kg7 48. Qd7+ 1/2-1/2

[Event "Catalunya-chT GpA final"]
[Site "Barcelona"]
[Date "2018.03.10"]
[Round "1.6"]
[White "Rivas Garcia, Victor"]
[Black "Colls Gelaberto, Emilio"]
[Result "1-0"]
[WhiteElo "2221"]
[BlackElo "2093"]
[PlyCount "111"]
[EventDate "2018.03.10"]
[EventType "team-tourn"]
[EventRounds "4"]
[EventCountry "ESP"]
[SourceTitle "CBM 183 Extra"]
[Source "ChessBase"]
[SourceDate "2018.04.19"]
[SourceVersion "1"]
[SourceVersionDate "2018.04.19"]
[SourceQuality "1"]
[WhiteTeam "Barbera"]
[BlackTeam "Figueres"]
[WhiteTeamCountry "ESP"]
[BlackTeamCountry "ESP"]

1. e4 c6 2. d4 d5 3. e5 Bf5 4. Nf3 e6 5. Be2 c5 6. Be3 cxd4 7. Nxd4 Ne7 8. 0-0 Nbc6 9. f4 Nxd4 10. Bxd4 Nc6 11. Bf2 Qa5 12. Nc3 Bc5 13. Nb5 Bxf2+ 14. Rxf2 0-0 15. Nd6 Bg6 16. c4 dxc4 17. Bxc4 Qb6 18. Qf3 Rab8 19. a3 Rfd8 20. Rc1 Ne7 21. Qb3 Qxb3 22. Bxb3 Nf5 23. Rd2 Nxd6 24. exd6 Rbc8 25. Rc7 Be4 26. f5 Bxf5 27. Rxb7 Rb8 28. Rxb8 Rxb8 29. Ba4 g6 30. b4 Kg7 31. d7 Rd8 32. Rd6 Kf8 33. Ra6 e5 34. Rxa7 Ke7 35. Bc6 Bxd7 36. b5 Kd6 37. Bxd7 Rxd7 38. Ra6+ Kc5 39. a4 Rd6 40. Ra7 Rf6 41. g4 h6 42. Kg2 g5 43. Kg3 e4 44. Re7 Kd4 45. a5 Rf3+ 46. Kg2 Ra3 47. a6 Ra5 48. a7 Ra2+ 49. Kf1 Kc5 50. Rb7 Kd4 51. b6 Ke3 52. Rb8 Kf3 53. a8Q Rxh2 54. Kg1 Rg2+ 55. Kf1 Rh2 56. Ke1 1-0